000 00465nam a22001577a 4500
005 20251108171102.0
008 250721s9999 xx 000 0 ara d
082 1 4 _a811.1/أحم
100 1 _aالأمين، أحمد
245 1 0 _aالمعلقات العشر و أخبار قائليها /
264 _bدار النصر للطباعة و النشر،
_c[19-].
300 _a180 ص
650 1 7 _aالشعر العربي
942 _2ddc
_cBK
999 _c56225
_d56225